000 02159nam0a2200349 4500
001 RU\NLR\bibl\860671
005 20260407071405.0
010 _a5-94331-080-0
_91200
021 _aRU
_b2010-102345
_96918
035 _a(NLR Aleph) 000849353
090 _a1470082
_c1470082
100 _a20051026d2003 |||y0rusy50 ca
101 0 _arus
102 _aRU
105 _aa |||||||||
200 1 _aФранцузская декоративная бронза XVIII - начала XIX века
_eколлекция Гатчинского дворца
_eальбом-каталог
_fЕ.А. Артемьева
210 _aГатчина
_cДон Боско
_d2003
215 _a72 с.
_cил., цв. ил.
_d24
320 _aБиблиогр. в примеч.: с. 21 и библиогр.: с. 69
601 0 2 _a"Гатчина", государственный историко-художественный дворцово-парковый музей-заповедник
_xКоллекция бронзовых художественных изделий
_92402441
_3RU\NLR\auth\661431977
606 1 _aБронзовые художественные изделия французские
_jАльбомы
_z18 - 19 вв.
_92402440
_3RU\NLR\auth\661431976
606 1 _aБронзовые художественные изделия французские
_x"Гатчина", государственный историко-художественный дворцово-парковый музей-заповедник
_z18 - 19 вв.
_92402439
_3RU\NLR\auth\661431975
686 _aЩ125.445.3(4Фр)45л61
686 _aЩ101.3(2Р)-2Санкт-Петербург9Гатчина
700 1 _aАртемьева
_bЕ. А.
_gЕлена Александровна
_4070
712 0 2 _4070
_a"Гатчина", государственный историко-художественный дворцово-парковый музей-заповедник
_3RU\NLR\AUTH\8810034962
_9568142
801 0 _aRU
_bNLR
_c20051026
_grcr
801 1 _aRU
_bNLR
_c20051026
830 _aАвт. по кн.
942 _cBOOK
980 _aNB